<?xml version="1.0" encoding="UTF-8"?><?xml-stylesheet type="text/xsl" href="static/style.xsl"?><OAI-PMH xmlns="http://www.openarchives.org/OAI/2.0/" xmlns:xsi="http://www.w3.org/2001/XMLSchema-instance" xsi:schemaLocation="http://www.openarchives.org/OAI/2.0/ http://www.openarchives.org/OAI/2.0/OAI-PMH.xsd"><responseDate>2026-06-07T18:58:30Z</responseDate><request verb="GetRecord" identifier="oai:docta.ucm.es:20.500.14352/6592" metadataPrefix="marc">https://docta.ucm.es/rest/oai/request</request><GetRecord><record><header><identifier>oai:docta.ucm.es:20.500.14352/6592</identifier><datestamp>2023-08-26T06:42:50Z</datestamp><setSpec>com_20.500.14352_14</setSpec><setSpec>col_20.500.14352_15</setSpec></header><metadata><record xmlns="http://www.loc.gov/MARC21/slim" xmlns:dcterms="http://purl.org/dc/terms/" xmlns:xsi="http://www.w3.org/2001/XMLSchema-instance" xmlns:doc="http://www.lyncode.com/xoai" xsi:schemaLocation="http://www.loc.gov/MARC21/slim http://www.loc.gov/standards/marcxml/schema/MARC21slim.xsd">
   <leader>00925njm 22002777a 4500</leader>
   <datafield ind2=" " ind1=" " tag="042">
      <subfield code="a">dc</subfield>
   </datafield>
   <datafield ind2=" " ind1=" " tag="720">
      <subfield code="a">Vera-Villalobos, Hernán</subfield>
      <subfield code="e">author</subfield>
   </datafield>
   <datafield ind2=" " ind1=" " tag="720">
      <subfield code="a">Lunario-Delgado, Lizzeth</subfield>
      <subfield code="e">author</subfield>
   </datafield>
   <datafield ind2=" " ind1=" " tag="720">
      <subfield code="a">Pérez-Retamal, Diana</subfield>
      <subfield code="e">author</subfield>
   </datafield>
   <datafield ind2=" " ind1=" " tag="720">
      <subfield code="a">Román, Domingo</subfield>
      <subfield code="e">author</subfield>
   </datafield>
   <datafield ind2=" " ind1=" " tag="720">
      <subfield code="a">Leiva, Juan Carlos</subfield>
      <subfield code="e">author</subfield>
   </datafield>
   <datafield ind2=" " ind1=" " tag="720">
      <subfield code="a">Zamorano, Pedro</subfield>
      <subfield code="e">author</subfield>
   </datafield>
   <datafield ind2=" " ind1=" " tag="720">
      <subfield code="a">Mercado-Seguel, Ana</subfield>
      <subfield code="e">author</subfield>
   </datafield>
   <datafield ind2=" " ind1=" " tag="720">
      <subfield code="a">Gálvez, Anita S</subfield>
      <subfield code="e">author</subfield>
   </datafield>
   <datafield ind2=" " ind1=" " tag="720">
      <subfield code="a">Benito Jiménez, César</subfield>
      <subfield code="e">author</subfield>
   </datafield>
   <datafield ind2=" " ind1=" " tag="720">
      <subfield code="a">Wulff-Zottele, Cristián</subfield>
      <subfield code="e">author</subfield>
   </datafield>
   <datafield ind2=" " ind1=" " tag="260">
      <subfield code="c">2020-06-10</subfield>
   </datafield>
   <datafield ind2=" " ind1=" " tag="520">
      <subfield code="a">Trivalent aluminum ions (Al3+) in acidic soils are a major constraint for crop productivity inhibiting root elongation and promoting cell death. Al3+-toxicity has adverse biochemical and physiological effects on plant root growth. Sulfur is an essential macronutrient assimilated from the soil in the form of sulfate. However, the implication of sulfate nutritional status in the modulation of short-term Al3+-tolerance mechanisms in plant roots has not been previously reported. Here, we evaluated the effects of increased sulfate supply on short-term Al3+-toxicity in roots of Lolium perenne, measuring Al, Ca, Mg and S uptake, lipid peroxidation, total SOD activity, and transcriptional levels of Cu/Zn and Fe-SOD genes. First, the nitrogen sulfur ratio (N/S) in the TF nutrient solutions used in this study were computed to confirm that L. perenne plants were grown in sulfate deficiency (120 μM), optimal supply (240 μM), or overdoses conditions (360 μM), without affecting dry root biomass. Sulfate supplementation (>240 μM, and N/S ratio &lt; 16) played a significant protection to Al3+-stress that prevents morphological changes in root tips, inhibits lipid peroxidation and differentially up-regulates total SOD activity, due changes in SOD gene expression. The results support the importance of sulfate nutritional status, on plant tissue homeostasis, enhancing the physiological tolerance mechanisms modulating lipid peroxidation damage induced by short-term Al3+-toxicity.</subfield>
   </datafield>
   <datafield ind1="8" ind2=" " tag="024">
      <subfield code="a">0981-9428</subfield>
   </datafield>
   <datafield ind1="8" ind2=" " tag="024">
      <subfield code="a">10.1016/j.plaphy.2020.01.011</subfield>
   </datafield>
   <datafield ind1="8" ind2=" " tag="024">
      <subfield code="a">https://hdl.handle.net/20.500.14352/6592</subfield>
   </datafield>
   <datafield ind1="8" ind2=" " tag="024">
      <subfield code="a">https://www.sciencedirect.com/science/article/pii/S0981942820300115</subfield>
   </datafield>
   <datafield ind2="0" ind1="0" tag="245">
      <subfield code="a">Sulfate nutrition improves short-term Al3+-stress tolerance in roots of Lolium perenne L</subfield>
   </datafield>
</record></metadata></record></GetRecord></OAI-PMH>